MARC details
| 000 -LEADER |
| campo de control de longitud fija |
01861nas a2200469 i 4500 |
| 001 - NÚMERO DE CONTROL |
| campo de control |
193689 |
| 003 - IDENTIFICADOR DE NÚMERO DE CONTROL |
| campo de control |
SpMaBN |
| 005 - FECHA Y HORA DE LA ÚLTIMA TRANSACCIÓN |
| campo de control |
20250217134940.0 |
| 007 - CAMPO FIJO DE DESCRIPCIÓN FÍSICA--INFORMACIÓN GENERAL |
| campo de control de longitud fija |
ta |
| 008 - DATOS DE LONGITUD FIJA--INFORMACIÓN GENERAL |
| campo de control de longitud fija |
240206d1912191usp uu 0uuub0spa |
| 016 7# - NÚMERO DE CONTROL DE UNA AGENCIA BIBLIOGRÁFICA NACIONAL |
| Número de control del registro |
biseBNE19940025333 |
| Fuente |
SpMaBN |
| Número de control cancelado/no válido |
RECBI003365 |
| 022 0# - NÚMERO INTERNACIONAL NORMALIZADO PARA PUBLICACIONES SERIADAS |
| Número Internacional Normalizado para Publicaciones Seriadas |
2482-0784 |
| ISSN Incorrecto |
9934-3304 |
| 035 ## - NÚMERO DE CONTROL DEL SISTEMA |
| Número de control de sistema |
00003365 |
| 035 ## - NÚMERO DE CONTROL DEL SISTEMA |
| Número de control de sistema |
(OCoLC)436470182 |
| 035 ## - NÚMERO DE CONTROL DEL SISTEMA |
| Número de control de sistema |
bise0000002495 |
| 040 ## - FUENTE DE CATALOGACIÓN |
| Centro catalogador/agencia de origen |
SpMaBN |
| Lengua de catalogación |
spa |
| Centro/agencia transcriptor |
SIC |
| 080 ## - NÚMERO DE LA CLASIFICACIÓN DECIMAL UNIVERSAL |
| Número de la Clasificación Decimal Universal |
797.1:061.237(460) |
| 130 0# - ENTRADA PRINCIPAL--TÍTULO UNIFORME |
| Título uniforme |
Anuario (Federación Española de Clubs Náuticos) |
| 9 (RLIN) |
235054 |
| 222 #0 - TÍTULO CLAVE |
| Título clave |
Anuario |
| Información calificativa |
Federación Española de Clubs Náuticos |
| 245 10 - MENCIÓN DEL TÍTULO |
| Título |
Anuario / |
| Mención de responsabilidad, etc. |
Federación Española de Clubs Náuticos |
| 246 14 - FORMA VARIANTE DEL TITULO |
| Título propio/Titulo breve |
Anuario de la F.E.C.N. |
| Fecha o designación secuencial |
1914- |
| 260 ## - PUBLICACIÓN, DISTRIBUCIÓN, ETC. |
| Lugar de publicación, distribución, etc. |
[Madrid] : |
| Nombre del editor, distribuidor, etc. |
Vdª A. Alvarez, |
| Fecha de publicación, distribución, etc. |
1912-1914 |
| Fabricante |
(Tip. Sociedad Editorial de España) |
| 300 ## - DESCRIPCIÓN FÍSICA |
| Extensión |
2 v. : |
| Otras características físicas |
retr. ; |
| Dimensiones |
20 cm |
| 336 ## - TIPO DE CONTENIDO |
| Fuente |
rdacontent |
| Término de tipo de contenido |
texto |
| 337 ## - TIPO DE MEDIO |
| Fuente |
rdamedia |
| Nombre/término del tipo de medio |
sin mediación |
| 338 ## - TIPO DE SOPORTE |
| Fuente |
rdacarrier |
| Nombre/término del tipo de soporte |
volumen |
| 362 0# - FECHAS DE PUBLICACIÓN Y/O DESIGNACIÓN SECUENCIAL |
| Fecha de publicación y/o designación secuencial |
Oct. 1912- |
| 510 ## - NOTA DE CITAS O REFERENCIAS BIBLIOGRÁFICAS |
| Nombre de la fuente |
CPPBAM, |
| Localización dentro de la fuente |
343 |
| 515 ## - NOTA DE PECULIARIDADES DE LA NUMERACIÓN |
| Nota de peculiaridades de la numeración |
La numeración comienza con: año 2 (1914) |
| 599 ## - NOTA A LAS ILUSTRACIONES |
| Nota |
Retrato de S.M. el Rey Don Alfonso XIII y S.M. la Reina Doña Victoria Eugenia en v.1 (1912) y v.2 (1914) |
| 610 04 - PUNTO DE ACCESO ADICIONAL DE MATERIA--NOMBRE DE ENTIDAD CORPORATIVA |
| Nombre de entidad corporativa o nombre de jurisdicción como elemento de entrada |
Federación Española de Clubs Náuticos |
| Fuente del encabezamiento o término |
embne |
| 9 (RLIN) |
4101 |
| 650 #7 - PUNTO DE ACCESO ADICIONAL DE MATERIA--TÉRMINO DE MATERIA |
| Término de materia o nombre geográfico como elemento de entrada |
Navegación deportiva |
| 9 (RLIN) |
164738 |
| 655 #7 - TERMINO DE INDIZACIÓN--GENERO/FORMA |
| Fuente del término |
tgfbne |
| 9 (RLIN) |
226822 |
| Datos o término principal de género/forma |
Anuarios |
| 710 0# - ENTRADA AGREGADA--NOMBRE DE ENTIDAD CORPORATIVA |
| Nombre de entidad corporativa o nombre de jurisdicción como elemento de entrada |
Federación Española de Clubs Náuticos |
| 9 (RLIN) |
4101 |
| 752 ## - ENTRADA AGREGADA--NOMBRE JERÁRQUICO DEL LUGAR |
| País o entidad superior |
España |
| Ciudad |
Madrid |
| 852 ## - LOCALIZACIÓN |
| Ubicación |
ES-MaACL |
| Número de control de estantería |
D-4147 |
| itemnumber |
218 |
| Sublocalización o colección |
R.H.11 |
| Ubicación en estantería |
Sala Valle Inclán |
| Signatura antigua |
Olim: 165-B-13 |
| Designación de la unidad física |
v.1(1912) |
| Marcas de propiedad |
Sello en tinta en portada: "Ateneo de Madrid. Biblioteca" |
| 852 ## - LOCALIZACIÓN |
| Ubicación |
ES-MaACL |
| Número de control de estantería |
D-4148 |
| Sublocalización o colección |
R.H.11 |
| Ubicación en estantería |
Sala Valle Inclán |
| Signatura antigua |
Olim: 165-B-14 |
| Designación de la unidad física |
v.2 (1914) |
| itemnumber |
201581 |
| Marcas de propiedad |
Sello en tinta en anteportada: "Ateneo de Madrid. Biblioteca" |
| 866 #0 - MENCIÓN TEXTUAL DE FONDOS--UNIDAD BIBLIOGRÁFICA BÁSICA |
| Fondos |
1912,1914 |
| 942 ## - ELEMENTOS DE ENTRADA SECUNDARIOS (KOHA) |
| Fuente del sistema de clasificación o colocación |
Clasificación decimal universal |
| Suprimir en OPAC |
No |
| Tipo de ítem Koha |
Revista |
| 955 ## - CATALOGADOR - EDICIÓN |
| Nombre de catalogador |
Orex Digital |